000 00670nam a2200229 i 4500
001 12734
003 ES-MaACL
005 20251014063046.0
007 t|
008 901009s1988 sp ||||0| spa j ..|
015 _a1990-JUL-15252
016 7 _zSAB9000092433
040 _aM-BN-DP
_bspa
_cM-BN-DP
080 _a860-34"19"
100 1 _aRamírez, Víctor,
_d1944-
_9139324
245 1 3 _aLa Piedra del camino
_b: ; Bala de goma /
_cVíctor Ramírez.
260 _a[Las Palmas de Gran Canaria? :
_bV. Ramírez],
_c1988.
300 _a48 p. ;
_c21 cm.
740 0 _aBala de goma.
852 _aES-MaACL
_jL-20115
_bR.116058
999 _c12734
_d12734